|
|
|
|
| LEADER |
00000nam0a2200000 4500 |
| 001 |
178826 |
| 005 |
20231101223431.0 |
| 035 |
|
|
|a (RuTPU)RU\TPU\book\193843
|
| 090 |
|
|
|a 178826
|
| 100 |
|
|
|a 20100409d1960 k y0rusy50 ca
|
| 101 |
0 |
|
|a rus
|
| 102 |
|
|
|a KZ
|
| 105 |
|
|
|a y z 100zy
|
| 200 |
1 |
|
|a Всесоюзное совещание по проветриванию рудников и обеспыливанию рудничного воздуха
|e тезисы докладов и сообщений, 28-30 июня 1960 г., рудник Джезказган
|f Казахское правление НТО цветной металлургии ; Казахский республиканский Совет НТО ; под ред. А. В. Голованова
|
| 210 |
|
|
|a Алма-Ата
|d 1960
|
| 215 |
|
|
|a 72 с.
|
| 610 |
1 |
|
|a рудничная вентиляция
|
| 610 |
1 |
|
|a тезисы
|
| 610 |
1 |
|
|a доклады
|
| 610 |
1 |
|
|a рудники
|
| 610 |
1 |
|
|a воздух
|
| 610 |
1 |
|
|a обеспыливание
|
| 610 |
1 |
|
|a проветривание
|
| 675 |
|
|
|a 622.41
|v 3
|
| 702 |
|
1 |
|a Голованов
|b А. В.
|4 340
|
| 712 |
0 |
2 |
|a Казахское правление НТО цветной металлургии
|2 stltpush
|3 (RuTPU)RU\TPU\col\15824
|9 26276
|
| 712 |
1 |
2 |
|a Проветривание рудников и обеспыливание рудничного воздуха
|c совещание
|e рудник Джезказган
|f 1960
|
| 712 |
0 |
2 |
|a Казахский республиканский Совет НТО
|2 stltpush
|3 (RuTPU)RU\TPU\col\15825
|9 26277
|
| 801 |
|
1 |
|a RU
|b 63413507
|c 20100409
|
| 801 |
|
2 |
|a RU
|b 63413507
|c 20100413
|g RCR
|
| 942 |
|
|
|c BK
|